000 00648nam a2200193 a 4500
001 000006246
005 20200929153915.0
008 090827s1998 dr 001 spa d
040 _aDO-SdBNP
082 _axxx
_bM843e
100 1 _aMoreno Herrada, Felix Leovigildo
_917446
245 1 0 _aEvolución de la moral social y su influencia en la educación del niño /
_cFelix Leovigildo Moreno Herrada.
260 _aSanto Domingo, :
_bTaller,
_c1998.
300 _a101 p. ;
_c22 cm.
500 _aIncluye referencias bibliográficas
500 _aIncluye datos biográficos
700 1 _aMoreno San Juan, José Luis
_eprólogo
_92397
049 _aBNPD
999 _c6041
_d6041